AFL Carlton Blues Player Numbers - Statistics

General Stats
  • This quiz has been taken 31 times
  • The average score is 18 of 45
Answer Stats
Hint Answer % Correct
Patrick Cripps 9
82%
Jacob Weitering 23
71%
Jesse Motlop 3
71%
Jagga Smith 7
71%
Blake Acres 13
65%
Sam Walsh 18
65%
Lachlan Cowan 2
65%
Oliver Hollands 4
65%
Adam Cerra 5
65%
Zac Williams 6
65%
Harry McKay 10
59%
Adam Saad 42
59%
Lachie Fogarty 8
59%
Mitch McGovern 11
53%
Elijah Hollands 20
53%
Ben Ainsworth 12
47%
Nic Newman 24
47%
Lewis Young 33
47%
Brodie Kemp 17
41%
Will Hayward 19
41%
Nick Haynes 26
41%
George Hewett 29
41%
Oliver Florent 14
35%
Marc Pittonet 27
35%
Campbell Chesser 31
35%
Matthew Carroll 32
35%
Harry Dean 35
35%
Jordan Boyd 37
35%
Francis Evans 44
35%
Matthew Cottrell 46
35%
Ashton Moir 43
29%
Wade Derksen 47
29%
Harry O'Farrell 22
24%
Jack Ison 30
24%
Flynn Young 45
24%
Billy Wilson 15
18%
Ben Camporeale 16
18%
Lucas Camporeale 21
18%
Liam Reidy 25
18%
Cooper Lord 36
18%
Talor Byrne 39
18%
Hudson O'Keefe 40
18%
Harry Charleson 28
12%
Matt Duffy 41
12%
Rob Monahan 34
6%
No matching quizzes found
Score Distribution
Percent of People with Each Score
Percentile by Number Answered
Your Score History
You have not taken this quiz